000 00656nam a22002177a 4500
999 _c9207
_d9207
003 AR-CdUCM
008 190327b ||||| |||| 00| 0 spa d
040 _aMUNICIPALIDAD PROVINCIAL DEL CUSCO
_cBIBLIOTECA MUNICIPAL DEL CUSCO
082 _a869.624 /
_bG78
100 _aGranda, Euler
_925273
245 _aEl lado flaco:
_bPoesía /
260 _aQuito :
_bCCE,
_c1968.
300 _a222 páginas ;
_c18 cm.
500 _aCon dedicatoria a Luis Nieto -- Donación de la familia Nieto
505 _aContenido : Poesía
650 _aPoesía
_9444
650 _aEcuador
_913208
650 _aLiteratura
_9416
942 _2ddc
_cLIBROS
945 _admma